000 00327nam a22001337a 4500
003 SGT
020 _a9789352666775
082 _a920
_bK18C
100 _aचौरसिया, दीपक
245 _aकूड़ा धन
260 _bप्रभात प्रकाशन
_c2018
300 _a182
942 _2ddc
_cBK
999 _c31984
_d31984